Physiological analyses of an over-expressing cytokinin metabolic gene GmIPT10 under normal and drought conditions /
Đã lưu trong:
| 主要作者: | |
|---|---|
| 其他作者: | , , |
| 格式: | Bài viết |
| 语言: | Vietnamese |
| 主题: | |
| 标签: |
添加标签
没有标签, 成为第一个标记此记录!
|
| Thư viện lưu trữ: | Thư viện Trường Đại học Đà Lạt |
|---|
| LEADER | 00985nam a2200325 4500 | ||
|---|---|---|---|
| 001 | DLU210195638 | ||
| 005 | ##20210119 | ||
| 040 | # | # | |a DLU |b vie |
| 041 | # | # | |a vie |
| 044 | # | # | |a vn |
| 100 | # | # | |a Nguyen Ngoc Hai. |
| 245 | # | # | |a Physiological analyses of an over-expressing cytokinin metabolic gene GmIPT10 under normal and drought conditions / |c Nguyen Ngoc Hai, ... [et al.]. |
| 653 | # | # | |a Cytokinin |
| 653 | # | # | |a Drought tolerance |
| 653 | # | # | |a GmIPT10 |
| 653 | # | # | |a Soybean |
| 653 | # | # | |a Transgenic plant |
| 700 | # | # | |a Hoang Thi Lan Xuan. |
| 700 | # | # | |a Nguyen Duc Van Thien. |
| 700 | # | # | |a Nguyen Phuong Thao. |
| 773 | # | # | |t Tạp chí Công nghệ Sinh học |g Số 15(4), 2017, tr. 651-659 |
| 920 | # | # | |a Phòng Tạp chí -- Trung tâm Thông tin - Thư viện Trường Đại học Đà Lạt |
| 994 | # | # | |a DLU |
| 900 | # | # | |a True |
| 911 | # | # | |a Hoàng Thị Huyền |
| 925 | # | # | |a G |
| 926 | # | # | |a A |
| 927 | # | # | |a BB |
| 980 | # | # | |a Thư viện Trường Đại học Đà Lạt |